|
|
|
|
| LEADER |
00000nab a2200000 a 4500 |
| 001 |
vtls000703108 |
| 003 |
SK-MaSNL |
| 005 |
20260302181902.0 |
| 008 |
180206c1998 xo 0 slo |
| 015 |
|
|
|a SNBRB1999/10-23862
|
| 035 |
|
|
|a CLN000055275
|
| 040 |
|
|
|a SNKBUCL
|b slo
|c SNKBUCL
|e AACR2
|
| 041 |
0 |
|
|a slo
|
| 044 |
|
|
|a xo
|c SK
|
| 080 |
|
|
|a 338.48:061.3
|2 UDC-MRF-SK2
|
| 100 |
1 |
|
|a Dúžeková, Zuzana
|4 aut
|9 782464
|
| 214 |
1 |
1 |
|a Siedma medzinárodná konferencia o cestovnom ruchu
|
| 245 |
1 |
0 |
|a VII. medzinárodná konferencia o cestovnom ruchu
|c Zuzana Dúžeková
|
| 246 |
1 |
3 |
|a Siedma medzinárodná konferencia o cestovnom ruchu
|
| 611 |
1 |
7 |
|a Medzinárodná konferencia o cestovnom ruchu
|n 7.
|d 1998
|c Trenčianske Teplice, Slovensko
|2 snkbucl
|9 893151
|
| 650 |
0 |
7 |
|a cestovný ruch
|x konferencie
|2 snkbucl
|9 15340
|
| 655 |
|
7 |
|a články z novín a časopisov
|2 snkbucl
|9 267496
|
| 773 |
0 |
|
|t Kormorán
|g Roč. 1, č. 2 (1998), s. 5
|
| 850 |
|
|
|a Slovenská národná knižnica v Martine
|
| 852 |
|
|
|a SNK
|b KIS3GCP
|
| 958 |
|
|
|a RBX
|
| 999 |
|
|
|c 1415978
|d 1417908
|